000 00256nam a2200109Ia 4500
005 20251222143247.0
008 251222s9999||||xx |||||||||||||| ||spa||
082 _a239.1/G34J
100 _aGea Escalano, José
245 0 _aJesús Catequista:
942 _cLIB
999 _c14800
_d14800